| 000 | 00371nam a2200145Ia 4500 | ||
|---|---|---|---|
| 008 | 230917s9999||||xx |||||||||||||| ||und|| | ||
| 040 |
_e40691 _aMAIN |
||
| 041 | _aEnglish | ||
| 082 | _a968.9104 G156S | ||
| 100 | _aGann, Lewis H | ||
| 245 | 4 | _aThe struggle for Zimbabwe: battle in the bush | |
| 260 |
_aNew York _bPraeger _c1981 |
||
| 300 | _axiii, 154 p. | ||
| 942 | _cBK | ||
| 999 |
_c40794 _d40794 |
||